000 04129nab a2200349 i 4500
003 BR-BrBNA
005 20240320133734.0
008 240320b2020 bl.ar|pooa||| 00| 0 eng |
040 _aBR-BrBNA
_beng
072 _aH60
100 _aStreck, Nereu Augusto
100 _aDalazen, Giliardi
100 _aLencina, Anelise da Silva
100 _aKruse, Nelson Diehl
100 _aSilva, Michel Rocha da
100 _aRocha, Thiago Schmitz Marques da
100 _aRibas, Giovana Ghisleni
100 _aZanon, Alencar Junior
100 _aUlguim, André da Rosa
245 _aConyza bonariensis growth and development according to thermal time accumulation and photoperiod
500 _aPublicação online; 28 ref.; 4 tables; 4 illus.; Summaries (En, Pt)
520 _aAbstract – The objective of this work was to characterize the growth and development of hairy fleabane (Conyza bonariensis) according to thermal accumulation and photoperiod, at different sowing times, and to propose a scale representing the main plant development stages. The experiment was carried out with ten replicates in the 2011/2012 growing season. The sowing dates were: 05/31/2011, 07/04/2011, 08/03/2011, 09/09/2011, and 11/07/2011. Plant height (cm) and phenology were evaluated weekly. The duration of the different stages (days) and thermal time accumulation (°C day) were determined. The linear regression analysis showed that plant height was related to thermal time accumulation. Regardless of the sowing date, the vegetative stage had a longer duration (in days and in ºC day) than the reproductive stage. Sowing on 11/07/2011 promoted the shortening of the vegetative stage, and the rosette stage did not occur. Flowering was induced in the photoperiod between 12.5 and 13.5 hours of light, regardless of the sowing date. Slow growth was observed at lower temperature conditions, when plants accumulated 30.9 and 16.3°C day per centimeter of height for the 05/31/2011 and 11/07/2011 sowing dates, respectively. The phenology scale adequately predicts the development stages of hairy fleabane. Index terms: morphology, phenology, weed.
520 _aResumo – O objetivo deste trabalho foi caracterizar o crescimento e o desenvolvimento da buva (Conyza bonariensis) em razão do acúmulo térmico e do fotoperíodo, em diferentes épocas de semeadura, e propor uma escala para representar os principais estádios de desenvolvimento das plantas. O experimento foi realizado com dez repetições, no período de cultivo 2011/2012. As datas de semeaduras foram: 31/05/2011, 04/07/2011, 03/08/2011, 09/09/2011 e 07/11/2011. A altura de planta (cm) e a fenologia foram avaliadas semanalmente. A duração dos diferentes estádios (dias) e a soma térmica acumulada (°C dia) foram determinadas. A regressão linear mostrou que a altura de plantas relacionou-se à soma térmica acumulada. Independentemente da data de semeadura, a fase vegetativa teve maior duração (em dias e em ºC dia) do que a fase reprodutiva. A semeadura em 07/11/2011 promoveu o encurtamento da fase vegetativa, e o estádio roseta não ocorreu. Houve indução do florescimento em fotoperíodo entre 12,5 e 13,5 horas de luz, independentemente da época de semeadura. Observou-se crescimento mais lento na condição de menor temperatura, em que as plantas acumularam 30,9 e 16,3 °C dia por centímetro de altura, nas semeaduras em 31/05/2011 e 07/11/2011, respectivamente. A escala fenológica prevê adequadamente as fases de desenvolvimento da buva. Termos para indexação: morfologia, fenologia, planta daninha.
650 _aERVA DANINHA
650 _aCRESCIMENTO
650 _aFENOLOGIA
650 _aMORFOLOGIA VEGETAL
773 0 _0920
_925800
_dBrasília-DF Empresa Brasileira de Pesquisa Agropecuária - EMBRAPA 1966-
_o2023-436355
_tPesquisa Agropecuária Brasileira (Brazil)
_x0100-204X
_gv. 55 p. 1-10; (2020)
_wBR202400042
856 _uhttps://www.scielo.br/j/pab/a/kHb85n9X6PLypkvcySxfFhf/?format=pdf&lang=en
942 _cAnalítica
999 _c298869
_d298869